Department of Defense appropriation bill : report of the Committee on Appropriations together with additional views.

Bibliographic Details
Corporate Author: United States. Congress. House. Committee on Appropriations (Author)
Format: Government Document Serial
Language:English
Published: Washington [D.C.] : U.S. G.P.O.
Series:Report / House of Representatives
Subjects:
Online Access:https://purl.fdlp.gov/GPO/LPS43269

MARC

Tag First Indicator Second Indicator Subfields
LEADER 00000nas a2200000 i 4500
001 in00004647821
006 m o d f
007 cr u|||||a|a||
008 140107c19uu9999dcuar o f0 a0eng c
005 20230220202013.6
010 |a 2023233500 
035 |a (OCoLC)ocn867720205 
040 |a OCLCE  |b eng  |e rda  |e pn  |c OCLCE  |d OCLCO  |d OCLCQ  |d OCLCA  |d OCLCQ  |d OCLCO  |d GPO  |d MvI 
042 |a pcc 
043 |a n-us--- 
049 |a WWW 
074 |a 1008-I (online) 
086 0 |a X 
086 0 |a Y 1.1/8: 
110 1 |a United States.  |b Congress.  |b House.  |b Committee on Appropriations,  |0 https://id.loc.gov/authorities/names/n79033084  |e author. 
245 1 0 |a Department of Defense appropriation bill :  |b report of the Committee on Appropriations together with additional views. 
246 1 |a Department of Defense appropriations bill 
264 1 |a Washington [D.C.] :  |b U.S. G.P.O. 
300 |a 1 online resource (volumes). 
310 |a Annual 
336 |a text  |b txt  |2 rdacontent 
337 |a computer  |b c  |2 rdamedia 
338 |a online resource  |b cr  |2 rdacarrier 
490 1 |a Report / House of Representatives 
500 |a Issues for 1981- cataloged as monographs in GPO  |5 DGPO 
500 |a Other title information varies slightly. 
500 |a GPO Cataloging Record Distribution Program (CRDP). 
588 0 |a 82d Congress, 2d session (1953) (GovInfo website, viewed January 5, 2023). 
588 1 |a 97th Congress, 2nd session (1983); title from cover. 
515 |a Report year ends Sept. 30. 
610 1 0 |a United States.  |b Department of Defense  |x Appropriations and expenditures  |v Periodicals. 
610 1 7 |a United States.  |b Department of Defense.  |2 fast  |0 (OCoLC)fst01852447 
650 7 |a Expenditures, Public.  |2 fast  |0 (OCoLC)fst00918345 
655 7 |a Periodicals.  |2 fast  |0 (OCoLC)fst01411641 
655 7 |a Periodicals.  |2 lcgft  |0 https://id.loc.gov/authorities/genreForms/gf2014026139 
776 0 8 |i Print version:  |a United States. Congress. House. Committee on Appropriations.  |t Department of Defense appropriation bill  |w (DLC) 87654074  |w (OCoLC)13100649 
810 1 |a United States.  |b Congress.  |b House.  |t Report.  |0 https://id.loc.gov/authorities/names/n42025618 
856 4 0 |u https://purl.fdlp.gov/GPO/LPS43269  |t 0 
999 f f |s 4a1ec7ee-4593-4c6b-a0f9-184d844b69f1  |i 56af686f-0522-428b-8679-cd61a6245b27  |t 0 
952 f f |a Texas A&M University  |b College Station  |c Electronic Resources  |d Available Online  |t 0  |e XY 1.1/8:  |h Superintendent of Documents classification 
998 f f |a XY 1.1/8:  |t 0  |l Available Online